Conversaciones con Enrique Lihn /

Kaydedildi:
Detaylı Bibliyografya
Yazar: Lastra, Pedro
Materyal Türü: Bilinmiyor
Dil:Spanish
Baskı/Yayın Bilgisi: Xalapa : Centro de Investigaciones Linguistico-Literarias, 1980.
Konular:
Etiketler: Etiketle
Etiket eklenmemiş, İlk siz ekleyin!

MARC

LEADER 000000000a22000000004500
001 011311
041 0 |a spa 
082 0 4 |a 860.9   |b L295c 
100 1 |a Lastra, Pedro 
245 1 0 |a Conversaciones con Enrique Lihn /   |c Pedro Lastra. 
260 1 |a Xalapa :   |b Centro de Investigaciones Linguistico-Literarias,   |c 1980. 
300 |a 153 páginas 
500 |a Colección George Yúdice 
650 4 |a ENRIQUE LIHN 
650 4 |a AUTORES CHIELENOS 
650 4 |a SIGLO XX 
999 |c 16608  |d 16608 
942 |c BK  |h 860.9 L295c  |2 z